Taylor Swift Songs Beginning With "S" - Statistics

General Stats
  • This quiz has been taken 75 times
  • The average score is 13 of 25
Answer Stats
Song Title % Correct
Speak Now
73%
So It Goes …
64%
Starlight
63%
Shake It Off
61%
Soon You'll Get Better
61%
Say Don't Go
59%
Sparks Fly
59%
Superman
59%
Stay Stay Stay
57%
Seven
55%
Should've Said No
55%
"Slut!"
55%
Snow On The Beach
55%
Style
54%
Sad Beautiful Tragic
52%
So Long, London
52%
SuperStar
52%
State of Grace
50%
Sweet Nothing
48%
Stay Beautiful
43%
Suburban Legends
41%
So High School
39%
Sweeter Than Fiction
25%
Santa Baby
16%
Silent Night
13%
No matching quizzes found
Score Distribution
Percent of People with Each Score
Percentile by Number Answered
Your Score History
You have not taken this quiz